Central Library OPAC University of Rajshahi

An introduction to the Republic of Plato / (Record no. 36448)

MARC details
000 -LEADER
fixed length control field 00651nam a22002412a 4500
001 - CONTROL NUMBER
control field 36448
003 - CONTROL NUMBER IDENTIFIER
rucl marc code BD-RjUL
005 - DATE AND TIME OF LATEST TRANSACTION
control field 20211209052504.0
008 - FIXED-LENGTH DATA ELEMENTS--GENERAL INFORMATION
fixed length control field 140624t1962 enk 000 0 eng d
035 ## - SYSTEM CONTROL NUMBER
System control number (BD-RjUL)36548
040 ## - CATALOGING SOURCE
Original cataloging agency DLC
Transcribing agency OUN
Modifying agency OCL
-- CWR
-- DAY
-- UKM
-- EQO
-- BD-RjUL
Language of cataloging eng
041 ## - LANGUAGE CODE
Language code of text/sound track or separate title eng
082 04 - DEWEY DECIMAL CLASSIFICATION NUMBER
Classification number 321.07
Author mark and year BOI 1962
100 1# - MAIN ENTRY--PERSONAL NAME
Personal name Boyd, William,
Dates associated with a name 1874-1962.
9 (RLIN) 90855
245 13 - TITLE STATEMENT
Title An introduction to the Republic of Plato /
250 ## - EDITION STATEMENT
Edition statement New ed.
260 ## - PUBLICATION, DISTRIBUTION, ETC. (IMPRINT)
Place of publication, distribution, etc. London :
Name of publisher, distributor, etc. Allen & Unwin,
Date of publication, distribution, etc. 1962
300 ## - PHYSICAL DESCRIPTION
Pagination 115 p. ;
Size 19 cm
600 00 - SUBJECT ADDED ENTRY--PERSONAL NAME
Personal name Plato.
942 ## - ADDED ENTRY ELEMENTS (KOHA)
Source of classification or shelving scheme Dewey Decimal Classification
Koha item type Books
Holdings
Lost status Source of classification or shelving scheme Damaged status Not for loan Collection code Permanent Location Current Location Shelving location Date acquired Source of acquisition Cost, normal purchase price Total Checkouts Full call number Date last seen Copy number Koha item type
  Dewey Decimal Classification     Non-fiction Central Library, University of Rajshahi Central Library, University of Rajshahi   13/05/1968 Zeitlinger. 15.00   321.07 BOI 1962 24/06/2014 C-3 Books
  Dewey Decimal Classification   Not For Loan Non-fiction Central Library, University of Rajshahi Central Library, University of Rajshahi   13/05/1968 Zeitlinger 15.00   321.07 BOI 1962 24/06/2014 C-1 Books